Die Wirkung von Atropin auf die fetale Herzfrequenz [Effect of atropine on fetal heart rate]

Elmentve itt :
Bibliográfiai részletek
Szerzők: Resch B. A.
Papp Gyula
Herczeg J.
Dokumentumtípus: Cikk
Megjelent: 1978
Sorozat:ZENTRALBLATT FÜR GYNAKOLOGIE 100 No. 8
Tárgyszavak:
mtmt:1131706
Online Access:http://publicatio.bibl.u-szeged.hu/33757
LEADER 00781nab a2200229 i 4500
001 publ33757
005 20250604091035.0
008 250604s1978 hu o 000 ger d
022 |a 0044-4197 
024 7 |a 1131706  |2 mtmt 
040 |a SZTE Publicatio Repozitórium  |b hun 
041 |a ger 
100 1 |a Resch B. A. 
245 1 4 |a Die Wirkung von Atropin auf die fetale Herzfrequenz [Effect of atropine on fetal heart rate]  |h [elektronikus dokumentum] /  |c  Resch B. A. 
260 |c 1978 
300 |a 496-503 
490 0 |a ZENTRALBLATT FÜR GYNAKOLOGIE  |v 100 No. 8 
650 4 |a Általános orvostudomány 
650 4 |a Klinikai orvostan 
700 0 1 |a Papp Gyula  |e aut 
700 0 1 |a Herczeg J.  |e aut 
856 4 0 |u http://publicatio.bibl.u-szeged.hu/33757/1/aok_klny_602_78.pdf  |z Dokumentum-elérés